ہند ی ا د ب کی تا ر يخ (Record no. 171066)

MARC details
000 -LEADER
fixed length control field 00660nam a22001937a 4500
005 - DATE AND TIME OF LATEST TRANSACTION
control field 20200106110126.0
010 ## - LCCN (DPL NO)
LC control number A-645028
020 ## - INTERNATIONAL STANDARD BOOK NUMBER
Terms of availability 100.00
International Standard Book Number -
035 ## - SYSTEM CONTROL NUMBER
System control number A-645028
037 ## - SOURCE OF ACQUISITION
Source of stock number/acquisition BPPD
082 ## - DEWEY DECIMAL CLASSIFICATION NUMBER
Classification number 820.9
100 ## - MAIN ENTRY--PERSONAL NAME
Personal name محمد حسن
245 ## - TITLE STATEMENT
Title ہند ی ا د ب کی تا ر يخ
Statement of responsibility, etc محمد حسن
246 ## - VARYING FORM OF TITLE
Title proper/short title Hindi Adab Ki Tareekh (Urdu)
Remainder of title by Mohd. Hassan
260 ## - PUBLICATION, DISTRIBUTION, ETC. (IMPRINT)
Place of publication, distribution, etc Delhi
Date of publication, distribution, etc 1993 ء
Name of publisher, distributor, etc Educational Publishing House
270 ## - ADDRESS
City Delhi
Telephone number -
Postal code 110006
Address 3108,Gali Azizuddin Wakil,Kucha Pandit ,Lal Kuan,
Fax number -
Electronic mail address -
300 ## - PHYSICAL DESCRIPTION
Extent 257+22 ص
Dimensions 22 cm(hb)
942 ## - ADDED ENTRY ELEMENTS (KOHA)
Source of classification or shelving scheme Dewey Decimal Classification
Item type Urdu Bks
Classification part 820.19
Call number suffix م ح م

No items available.


© Delhi Public Library
Hit Counter
free hit counter